| 000 | 00421nam a2200145Ia 4500 | ||
|---|---|---|---|
| 008 | 220217s9999||||xx |||||||||||||| ||und|| | ||
| 020 | _a978-81-317-3071-3 | ||
| 082 | _a658.7 CHO | ||
| 100 |
_aChopra, Sunil Meindi, Peter and Kalra, D.V _96803 |
||
| 245 | 0 | _aSupply chain management | |
| 250 | _a4th | ||
| 260 |
_aPearson education of asia _bNew Delhi _c2010 |
||
| 300 |
_aXX, 555p. _b475 |
||
| 650 | _aMANAGEMENT | ||
| 999 |
_c179700 _d179700 |
||